000 01390nam a22002537a 4500
999 _c42704
_d42704
001 13760
003 CO-MdFUSB
005 20180622073149.0
008 180313t2005 sp ||||| |||| 00| 0 spa d
020 _a84-8169-104-6
040 _aCO-MdFUSB
_bspa
_cCO-MdFUSB
_dCO-MdFUSBC
_erda
041 0 _aspa
_heng
082 0 4 _aG 227.106 E76c
100 1 _aEsler, Philip F. (Francis)
_eautor
245 1 0 _aConflicto e identidad en la carta a los Romanos
_b : El contexto social de la carta de Pablo
_c / Philip F. Esler ; José Pérez Escobar, Traductor
264 4 _aEstella, Navarra :
_bVerbo Divino,
_c©2005
300 _a541 Pág.
336 _2rdacontent
_atexto
_btxt
337 _2rdamedia
_asin mediación
_bn
338 _2rdacarrier
_avolumen
_bnc
500 _aTítulo original : Conflict and identity in Romans
505 0 0 _a- La Carta a los Romanos y la identidad cristiana - La identidad social - Etnicidad, conflicto étnico y el antiguo mundo mediterráneo - Roma en los años 50 d.C. - El objetivo de la carta - La identidad endogrupal común - Los fundamentos de la nueva identidad - Abrahán como prototipo de la identidad del grupo - La nueva identidad en Cristo: origen y entrada - El liderazgo paulino y la ejemplificación grupal - Israel y el movimiento cristiano - Los descriptores de la nueva identidad - Los débiles y los fuertes - Conflicto e identidad
942 _cBK